000 00282nam a22001217a 4500
008 230626b xxu||||| |||| 00| 0 eng d
082 _a328.77
_bILL
100 _cILL
245 _aNinety-Third General Assembly 2003
260 _aKenya
_bILL
_c2003
300 _a70p
942 _2ddc
_cBK
999 _c2594
_d2594